Normal view
MARC view
- العقود الإدارية -- قوانين و أنظمة -- معالجة البيانات إلكترونيا
Entry Topical Term
001 - CONTROL NUMBER
- control field: 50764
003 - CONTROL NUMBER IDENTIFIER
- control field: JO-AjAnu
005 - DATE AND TIME OF LATEST TRANSACTION
- control field: 20230606082345.0
008 - FIXED-LENGTH DATA ELEMENTS
- fixed length control field: 230606|| aca||aabn | a|a d
040 ## - CATALOGING SOURCE
- Original cataloging agency: JO-AjAnu
- Transcribing agency: JO-AjAnu
150 ## - HEADING--TOPICAL TERM
- Topical term or geographic name entry element: العقود الإدارية -- قوانين و أنظمة -- معالجة البيانات إلكترونيا
670 ## - SOURCE DATA FOUND
- Source citation: Work cat.: (JO-AjAnu)25949: تأليف الهاجري،فهد مبارك؛ اشراف الزعبي،خالد سمارة, author 50763, العقود الادارية عبر الانترنت